000 nam a22 7a 4500
999 _c8896
_d8896
008 180120b ||||| |||| 00| 0 eng d
100 _aVaz.S.D.
_95211
245 _aMaths Perfect
260 _aNew Delhi
_bJeevandeep
_c2008